| 000 | 00866nam a2200205 a 4500 | ||
|---|---|---|---|
| 008 | 120416s1988 ||||||||||||||||| || u | ||
| 020 | _a0387171134 | ||
| 050 | _aHE 336.T7 Leu | ||
| 100 | _aLeutzbach, Wilhelm | ||
| 245 | 1 | 0 | _aIntroduction to the theory of traffic flow |
| 246 | _aEinfèuhrung in die Theorie des Verkehrsflusses. English | ||
| 260 |
_aBerlin ;New York : _bSpringer-Verlag _c1988 |
||
| 300 | _axi, 204p. : ill | ||
| 350 | _a0.00 | ||
| 500 | _aTranslation of: Einfèuhrung in die Theorie des Verkehrsflusses. -Includes index. -Bibliography: p. [195]-200. | ||
| 650 | _aTraffic flow--Mathematical models | ||
| 650 | _aTRANSPORTATION | ||
| 650 | _aTraffic flow--Statistical methods | ||
| 995 |
_D0.00 _FCBU-MAIN LIBRARY (Kitwe) _H1 _I43.50 _M1 _UAVAILABLE _ZMain Library Open Access Collection |
||
| 999 |
_c48070 _d48070 |
||